Responses for Show #3722 - Tuesday, November 7, 2000

Contestants

[<< previous game]

Bruce Leggat, a nonprofit consultant from Westford, Massachusetts

Carol Coltz, a bookseller from Pittsburgh, Pennsylvania

Bob Ryan, a certified public accountant from Gig Harbor, Washington (whose 1-day cash winnings total $8,500)

[next game >>]

Jeopardy! Round responses

ELECTION DAY
(Alex: How appropriate!)
TV SETTINGS
CLEO POTPOURRIO
RODENT, MARSUPIAL OR PRIMATE
HOW SOON WE FORGET
WORLD OF WORDS
    $100 1
Illinois

Bruce
    $100 6
Bedrock

Bruce
    $100 21
Venus

Bob
    $100 11
Rodent

Bob
    $100 16
Joint Chiefs of Staff

Bob
    $100 23
Open a beer for him

Bob
    $200 2
Dwight D. Eisenhower

Bob
    $200 7
Providence

Bob
    $200 22
Cleopatra Jones

Carol
    $200 12
(Bruce: What is a rodent?)

Marsupial

BobBruce
    $200 17
(Bob: Who is Martin Luther King?)
(C: Who is Dick Gregory?)
(Alex: He ran for the Republican party nomination for president.)

Alan Keyes

BobCarol
Triple Stumper
    $200 24
Shalom

Bruce
    $300 3
Concession speech

Bob
    $600 8
Flipper

Bob
    $300 28
Sonny & Cher

Bruce
    $300 13
Rodent

Carol
    $300 18
3:16

Bruce
    $300 25
(less than a minute to go...)

Lampoon

Bruce
    $400 4
Harry S. Truman

Bob
    $400 9
Peyton Place

Bruce
    $400 29
Josephine Baker

Carol
    $400 14
Primate

Bob
    $400 19
James Coburn

Bob
    $400 26
Infancy/infant

Bob
    $500 5
(Bob: What is November 7?)

November 8

BobBruce
    $500 10
Evening Shade

Triple Stumper
    $500 30
Cleopatra's Needle

Bob
    $500 15
Marsupial

Bob
    $500 20
(Bruce: What is Big Blue?)
(Alex: That's IBM's nickname.)

Deep Blue

Bruce
Triple Stumper
    $500 27
Zeitgeist

Bruce

Scores at the first commercial break (after clue 15):

Bob Carol Bruce
$2,400 $300 $900

Scores at the end of the Jeopardy! Round:

Bob Carol Bruce
$3,800 $700 $2,000

Double Jeopardy! Round responses

STATELY HOMES
THE DRAWING ROOM
THE DINING ROOM
THE LIBRARY
THE LADIES ROOM
THE STUD "E"
    $200 7
Missouri

Bruce
    $200 21
Dick Tracy

Carol
    $200 16
Sorbet

Bob
    $200 1
"The Hobbit"

Carol
    $200 26
Madonna

Carol
    $200 6
The early bird

Bob
    $400 8
New Jersey

Bruce
    $400 22
Superman

Carol
    $400 17
Veal

Bob
    $400 2
Malcolm X

Bruce
    $400 27
(Bob: Who is Aimee Semple McPherson?)

Mary Baker Eddy

BobBruce
    $400 10
Philadelphia Eagles

Carol
    $600 9
Colorado

Carol
    $600 23
(Bob: What are facts?)
(C: What are stories?)

Science fiction

BobCarol
Triple Stumper
    $600 18
Menudo

Bob
    $600 3
Essays

Bruce
    $600 28
Maria Shriver

Bob
    $600 11
Emperor

Triple Stumper
    $800 14
Massachusetts

Bruce
    $800 24
(with a minute to go...)

Caricature

Bob
    $800 19
(C: What is cannelloni?)

Tortellini

BobCarol
    $800 4
(Alex: Say something, Bruce.)
(Bruce: I have no idea.)
[A clip of this clue was included in the "4,000th Show Celebration" aired 2002-05-15.]

Voltaire

Bruce
    $800 29
Vanderbilt

Bruce
    $800 12
Echidna

Bob
    $1000 15
Hagerstown, Maryland

Bruce
    $1000 25
Saul Steinberg

Triple Stumper
    $1,500 20
Peking Duck

Bob
    $1000 5
Patrick O'Brian

Carol
    $1000 30
Molly Ivins

Bruce
    $1000 13
El Alamein

Bob

Scores at the end of the Double Jeopardy! Round:

Bob Carol Bruce
$9,700 $2,300 $6,800

[wagering suggestions for these scores]

Final Jeopardy! Round responses

THE MOVIES
(Alex: They yelled it when they jumped out of airplanes and they've been doing it ever since. Remember, those talented young college kids, tomorrow from the University of Washington in Seattle!)
CarolWho Wyet Earp
$2,300
BruceWho is Geronimo
$3,200
BobWho is Geronimo?
$4,101
Geronimo

Final scores:

Bob Carol Bruce
$13,801 $0 $10,000
2-day champion: $22,301 3rd place: Pair of Ebikes (bicycles) 2nd place: Trip to Kona, Hawaii

Game dynamics:

Coryat scores:

Bob Carol Bruce
$8,900 $2,300 $7,600
25 R
(including 2 DDs),
4 W
10 R,
3 W
18 R,
3 W
(including 1 DD)

Combined Coryat: $18,800

[game] [game scores] [suggest correction]

Game tape date: 2000-09-28
The J! Archive is created by fans, for fans. Scraping, republication, monetization, and malicious use prohibited; this site may use cookies and collect identifying information. See terms. The Jeopardy! game show and all elements thereof, including but not limited to copyright and trademark thereto, are the property of Jeopardy Productions, Inc. and are protected under law. This website is not affiliated with, sponsored by, or operated by Jeopardy Productions, Inc. Join the discussion at JBoard.tv.